Największe obiekty w pasie asteroid - Statystyki

Ogólne statystyki
  • Ten quiz został rozwiązany 3 razy
  • Średni wynik to 4 z 16
Statystyki odpowiedzi
Obrazkowy Odpowiedź % Poprawnych
Ceres
100%
Pallas
67%
Westa
67%
Bamberga
33%
Davida
33%
Eunomia
33%
Europa
33%
Sylvia
33%
Doris
0%
Euphrosyne
0%
Fortuna
0%
Hygiea
0%
Interamnia
0%
Juno
0%
Psyche
0%
Thisbe
0%
Nie znaleziono quizów pasujących do podanych kryteriów
Rozkład punktacji
Procent ludzi z każdym wynikiem
Percentyl według liczby udzielonych odpowiedzi
Twoja historia wyników
Nie rozwiązałeś tego quizu